Contabilidad básica para ejecutivos

সংরক্ষণ করুন:
গ্রন্থ-পঞ্জীর বিবরন
প্রধান লেখক: Robson, A. P (Author)
বিন্যাস: গ্রন্থ
ভাষা:স্প্যানিশ
প্রকাশিত: Ciudad de México Técnica 1967
বিষয়গুলি:
ট্যাগগুলো: ট্যাগ যুক্ত করুন
কোনো ট্যাগ নেই, প্রথমজন হিসাবে ট্যাগ করুন!

MARC

LEADER 00000nam a2200000 a 4500
001 UCQ0644
003 CL-VaPUC
008 980703e19670000MX |||||||||||||||||spa|d
082 0 4 |a 658.151  |b ROB  |2 21 
100 0 |a Robson, A. P  |e author  |9 413884 
245 1 0 |a Contabilidad básica para ejecutivos 
300 |a 176 p 
942 |c BK 
945 |d 19980703 00:00:00  |a cmena 
260 |a Ciudad de México  |b Técnica  |c 1967 
650 0 |a Administración de empresas   |9 260833 
650 0 |a Contabilidad de costos   |9 260564 
650 0 |a Costos   |9 261063 
650 0 |a Estados de cuentas  |9 352305 
650 0 |a Administración financiera  |9 261146 
650 7 |a PLANIFICACION Y CONTROL  |2 CL-VaPUC  |9 413885 
650 0 |a Control presupuestario  |9 345693 
650 0 |a Operaciones administrativas  |9 335045 
650 0 |a Administradores  |9 342221 
583 |a last modification  |c 19980703 00:00:00  |k Rodrigo Vera 
999 |c 271682  |d 271680 
952 |0 0  |1 0  |4 0  |6 658_151000000000000_ROB_1967  |7 0  |8 A  |9 306414  |a BIBGIM  |b BIBGIM  |d 2019-11-20  |i 1428683  |o 658.151 ROB 1967  |p 1428683  |r 2025-01-15  |w 2019-11-20  |y BK  |k COM 
952 |0 0  |1 0  |4 0  |6 658_151000000000000_ROB_1967  |7 0  |8 A  |9 306415  |a BIBGIM  |b BIBGIM  |d 2019-11-20  |i 1428691  |o 658.151 ROB 1967  |p 1428691  |r 2025-01-15  |w 2019-11-20  |y BK  |k COM